Prítomní v neprítomnosti

Bibliographic Details
Main Author: Wójcik, Igor M. (Author)
Format: Article
Language:Slovak
PhysicalDescription:Fotogr. 5
Subjects:

MARC

LEADER 00000nab a2200000 a 4500
001 vtls000540754
003 SK-MaSNL
005 20260304094859.0
008 250425c1994 xo 0 slo
015 |a SNBRB19rr/mm-uuuuu 
035 |a CL0540892 
035 |a urn:nbn:sk:snk-abdpg 
035 |a (urnnbn)urn:nbn:sk:snk:ar-0056q9 
035 |a (uuid)bc91fdbf-f0a4-4e72-af74-0aa4ce98cb16 
040 |a SNKBUCL  |b slo  |c SNKBUCL  |e AACR2 
041 0 |a slo 
044 |a xo  |c SK 
080 |a 77.04(4):061.4  |2 1981 
100 1 |a Wójcik, Igor M.  |4 aut  |9 1391666 
245 1 0 |a Prítomní v neprítomnosti  |c Igor M. Wójcik 
300 |b Fotogr. 5 
650 0 7 |a umelecká fotografia  |2 snkbucl  |9 29370 
655 7 |a články z novín a časopisov  |2 snkbucl  |9 267496 
773 0 |t Výtvarný život  |g Roč. 39, č. 6 (1994), s. 40-43 
850 |a Slovenská národná knižnica 
852 |a Slovenská národná knižnica 
954 |a odborná, vedecká literatúra pôvodná (slovenská)  |2 lita 
958 |a article27 
958 |a RK 
958 |a PL 
958 |a OND 
958 |a EUIPO 
992 |a RBX 
999 |c 2829457  |d 2831387